Aplikácia praktických skúseností vo výučbe predmetu "Sociálna ekonomika"

Praktické poznatky z riešenia sociálnych problémov spoločnosti vďaka spolupráci so subjektmi, rešpektujúcimi princípy sociálneho podnikania.

Gespeichert in:
Bibliographische Detailangaben
1. Verfasser: Poláčková, Hana, 1968-
Format: Buchkapitel
Sprache:Slowakisch
Schlagworte:
Tags: Tag hinzufügen
Keine Tags, Fügen Sie das erste Tag hinzu!

MARC

LEADER 00000nla a2200000 4500
001 0185042
005 20240502073154.2
041 0 |a slo 
044 |a SK 
245 1 0 |a Aplikácia praktických skúseností vo výučbe predmetu "Sociálna ekonomika"  |c Hana Poláčková 
520 |a Praktické poznatky z riešenia sociálnych problémov spoločnosti vďaka spolupráci so subjektmi, rešpektujúcimi princípy sociálneho podnikania. 
610 2 0 |a univerzity 
610 2 0 |a školy vysoké 
610 2 0 |a predmety učebné 
610 2 0 |a ekonomika sociálna 
610 2 0 |a podnikanie sociálne 
610 2 0 |a škola a prax 
100 1 |a Poláčková, Hana, 1968-